|
|
|
|
| LEADER |
01650nam a2200373 a 4500 |
| 001 |
28715 |
| 003 |
BD-DhAAL |
| 005 |
20141221095428.0 |
| 008 |
141221s1989 nyu b 000 1 eng |
| 010 |
|
|
|a 88001062
|
| 020 |
|
|
|a 0393957446
|
| 040 |
|
|
|a DLC
|c DLC
|d DLC
|d OCoLC
|d BD-DhAAL
|
| 041 |
1 |
|
|a eng
|h rus
|
| 043 |
|
|
|a e-ur-ru
|
| 050 |
0 |
0 |
|a PG3326
|b .Z4 1989
|
| 082 |
0 |
0 |
|a 891.73/3
|2 19
|
| 100 |
1 |
|
|a Dostoyevsky, Fyodor,
|d 1821-1881.
|9 6871
|
| 240 |
1 |
0 |
|a Zapiski iz podpolʹi︠a︡.
|l English
|
| 245 |
1 |
0 |
|a Notes from underground :
|b a new translation, backgrounds and sources, responses, criticism /
|c Fyodor Dostoevsky ; translated and edited by Michael R. Katz.
|
| 250 |
|
|
|a 1st ed.
|
| 260 |
|
|
|a New York :
|b Norton,
|c c1989.
|
| 300 |
|
|
|a viii, 245 p. ;
|c 22 cm.
|
| 490 |
0 |
|
|a A Norton critical edition
|
| 500 |
|
|
|a Translation of Zapiski iz podpolʹi︠a︡.
|
| 500 |
|
|
|a Includes excerpts from Dostoevsky's letters to his brother Mikhail, 1859-1864, notebooks, 1864-1865, and Winter notes on summer impressions.
|
| 504 |
|
|
|a Bibliography: p. [241]-242.
|
| 600 |
1 |
0 |
|a Dostoyevsky, Fyodor,
|d 1821-1881.
|t Zapiski iz podpolʹi︠a︡.
|9 6872
|
| 651 |
|
0 |
|a Russia
|x History
|y 1801-1917
|x Fiction.
|9 6873
|
| 651 |
|
0 |
|a Russia
|x Officials and employees
|x Fiction.
|9 6874
|
| 655 |
|
7 |
|a Political fiction.
|2 lcsh
|9 5611
|
| 700 |
1 |
|
|a Katz, Michael R.
|9 6875
|
| 942 |
|
|
|2 ddc
|c BK
|
| 999 |
|
|
|c 33315
|d 33315
|
| 952 |
|
|
|0 0
|1 0
|2 ddc
|4 0
|6 891_733000000000000_DOS
|7 0
|9 44496
|a BRACUL
|b BRACUL
|c GEN
|d 2014-12-21
|e BRAC Institute of Language (BIL)
|l 11
|m 83
|o 891.733 DOS
|p 3010028715
|r 2026-05-16
|s 2026-04-02
|t 1
|w 2014-12-21
|y BK
|x Transferred from BIL to BRACUL on 06/06/22
|